NOW classrooms, grades 6-8 : lessons for enhancing teaching and learning through technology /

Bibliographic Details
Main Author: Ormiston, Meghan J. (Author)
Corporate Author: ProQuest (Firm)
Format: eBook
Language:English
Published: Bloomington, IN : Solution Tree Press, [2018]
Subjects:
Online Access:Connect to the full text of this electronic book

MARC

Tag First Indicator Second Indicator Subfields
LEADER 00000cam a2200000Mi 4500
001 in00003937813
006 m o d
007 cr |||||||||||
008 171121s2018 inu ob 001 0 eng d
005 20250816210225.5
020 |a 1945349433  |q electronic book 
020 |a 9781945349430  |q electronic book 
020 |z 1945349425 
024 8 |a 40027696712 
035 |a (NhCcYBP)ebc5109050 
037 |a 1043087  |b MIL 
040 |a NhCcYBP  |c NhCcYBP  |d UtOrBLW 
050 4 |a LB1028.5  |b .O692 2018 
082 0 4 |a 371.33  |2 23 
100 1 |a Ormiston, Meghan J.,  |e author.  |0 http://id.loc.gov/authorities/names/n2003109352 
245 1 0 |a NOW classrooms, grades 6-8 :  |b lessons for enhancing teaching and learning through technology /  |c Meg Ormiston, Lauren Slanker, Jennifer Lehotsky, Megan K. Flaherty, Janice Conboy, Whitney Cavanagh. 
264 1 |a Bloomington, IN :  |b Solution Tree Press,  |c [2018] 
300 |a 1 online resource. 
336 |a text  |b txt  |2 rdacontent 
337 |a computer  |b c  |2 rdamedia 
338 |a online resource  |b cr  |2 rdacarrier 
588 |a Description based on online resource; title from digital title page (viewed on December 05, 2017). 
500 |a Electronic resource. 
650 0 |a Middle school education  |x Computer-assisted instruction. 
650 0 |a Educational technology  |x Study and teaching (Middle school) 
650 0 |a School improvement programs.  |0 http://id.loc.gov/authorities/subjects/sh85118340 
655 7 |a Electronic books.  |2 local 
700 1 |a Ormiston, Meghan J.,  |e author.  |0 http://id.loc.gov/authorities/names/n2003109352 
710 2 |a ProQuest (Firm)  |0 http://id.loc.gov/authorities/names/n2007068018 
856 4 0 |u https://ebookcentral.proquest.com/lib/tamucs/detail.action?docID=5109050  |y Connect to the full text of this electronic book  |t 0 
945 |a machinegen 
955 |a YBP purchased approval e-records 
980 |b 52.43  |g 1 
987 |a ybp14934219 
999 f f |s 075e8ebe-7187-3973-8843-0812e34cff1e  |i 74237ec9-5272-334a-b382-dbe21b7c7907  |t 0 
952 f f |a Texas A&M University  |b College Station  |c Electronic Resources  |d Available Online  |t 0  |e LB1028.5 .O692 2018  |h Library of Congress classification 
998 f f |a LB1028.5 .O692 2018  |t 0  |l Available Online